| 000 | 00670nam a22002171 4500 | ||
|---|---|---|---|
| 001 | bimo0001267628 | ||
| 003 | OSt | ||
| 005 | 20140829213005.0 | ||
| 008 | 960922s1950 ag spa | ||
| 035 | _a(OCoLC)318444030 | ||
| 040 |
_aSpMaBN _cBMC |
||
| 082 | _a914.6 | ||
| 100 |
_9425 _aFederico Ozanam _cBeato |
||
| 245 | 1 | 4 |
_aUna peregrinación al país del Cid y otros escritos _cA.F. Ozanam ; [traducción del Duque de Maqueda] |
| 260 | 0 |
_aBuenos Aires _bEspasa-Calpe Argentina _c1950 |
|
| 300 |
_a147 p. _c18 cm |
||
| 490 | 0 |
_aAustral _v939 |
|
| 651 |
_aEspaña _xDescripción _9138 |
||
| 700 |
_aMaqueda, Leopoldo Barón Torres _cDuque de _9463 |
||
| 942 |
_2ddc _cBK |
||
| 999 |
_c399 _d399 |
||